Eurovision 2021 - Guess the Lyrics - Statistics

General Stats
  • This quiz has been taken 298 times
  • The average score is 12 of 39
Answer Stats
Lyrics Answer % Correct
Moi mon rêve, mon envie, comme j'en crève, comme j'en ris France
86%
Y dejar atrás el miedo Con tu alma entre mis dedos Spain
73%
Questi uomini macchine non scalare le rapide Italy
71%
Que deviendront nos souffles S’ils restent sur le bord? Switzerland
69%
U sadochku na klenochku Sorochechku priala Ukraine
61%
Më ike ti, më ikën miqtë, As dritë nuk ka Albania
59%
Du er kvinden, jeg еr manden Denmark
58%
Sho tam horohoritsya?Oy, krasavitsya Russia
57%
Osmeh tvoj mi kaže Da me želiš koga lažeš Serbia
51%
Mountain, I wanna feel you Georgia
43%
My heart was born a radical electric and dynamical Greece
39%
Tonight we gonna dance in the moonlight And then we gonna do it some more Cyprus
38%
Here in the dark, inside the hole in my heart Norway
37%
You get up cause you need an organic cup of tea Belgium
31%
Moving my hips you are trying you can’t resist, try to fight it Azerbaijan
30%
We are the fruit, Adorning the legacy Netherlands
29%
I really don't care that you want to bash me Germany
26%
Think if I’m drunk then I’d give you a chance Malta
26%
There's fire in the rainAnd I can feel your pain Sweden
26%
Love takes some time, takes a little time so take a little time Iceland
25%
Life has been so easy, Used to call us cheesy Israel
25%
Playing dirty - Not my case! Latvia
25%
This world feels in rush and they say they know it all Romania
25%
Like cloud fire, more fire When we in the club San Marino
23%
Not lost, following the neon lights Shooting’ through the summer skies Poland
18%
I hear those voices from far away,They help me to escape Croatia
17%
My body's shaking, Heart is breaking, have to let it go Lithuania
17%
Hollow shadows and my soul is spilling over, I'm out of time Bulgaria
15%
You're the sweetest I've ever tasted Finland
14%
Compared to you no one has anything to brag about Moldova
14%
We’re cool under pressure And that’s all we need United Kingdom
14%
I don't need certainty To get my pot of gold no Australia
12%
All the signs, all of the mistakes, Pointing one way, to get back to me Ireland
12%
Forgot where I belong,Sold my body on a dirty cold floor Portugal
12%
The change to come Will hurt someone Estonia
10%
The whole world is crazy,Is it crazy to love you? Czech Republic
9%
The marching band are playing 'gone too soon' Austria
6%
Not until the storm has passed, Not until is quiet Slovenia
6%
Unchain my wings and the oceans of tears All fade to black with the sum of my years North Macedonia
4%
No matching quizzes found
Score Distribution
Percent of People with Each Score
Percentile by Number Answered
Your Score History
You have not taken this quiz